Les états Autrichiens - Statistiques

Statistiques générales
  • Ce quiz a été pris 26 fois
  • Le résultat moyen est 6 sur 9
Statistiques - réponses
États % Correct
Vienne
83%
Tyrol
78%
Basse-Autriche
72%
Haute-Autriche
72%
Carinthie
67%
Salzbourg
67%
Styrie
56%
Vorarlberg
50%
Burgenland
44%
Aucun quiz correspondant
Distribution des résultats
% des personnes avec chaque résultat
Percentile par nombre de réponses
Votre historique - résultats
Vous n’avez pas pris ce quiz